000 01025nam a2200217Ia 4500
003 Ost
005 20260507075153.0
008 260507s9999||||xx |||||||||||||| ||und||
040 _cfsecg
041 _aara
082 _a330
100 _aالعلاق، بشير
_eمؤلف
245 0 _aتخطيط و تنظيم برامج و حملات العلاقات العامة /
_c بشير العلاق
260 _aعمان:
_bدار اليازوري,
_c2009
300 _a201 صفحة؛
_c24 سم
504 _aمراجع ص.197
520 _aمدخل الى العلاقات العامة ، مفهوم التخطيط و آلياته و أبعاده في مجال الادارة و العلاقات العامة ، تخطيط برامج العلاقات العامة و حمايتها ، تنظيم برامج العلاقات العامة و حملاتها مع وجودأسئلة للمناقشة في نهاية كل فصل
653 _aالاعلام
653 _aالعلاقات العامة
942 _cكتاب
999 _c43354
_d43354